Loading...
Annual Report:2009-10
| Main Author: | |
|---|---|
| Format: | Printed Book |
| Language: | Undetermined |
| Published: |
Almora
Vivekananda Parvatiya Krishi Anusandhan Sansthan
2010
|
| Subjects: |
| LEADER | 00518nam a2200145Ia 4500 | ||
|---|---|---|---|
| 008 | 140316s9999 xx 000 0 und d | ||
| 082 | |a ICAR/VPKAS |b AR/2009-10 | ||
| 100 | |a VPKAS | ||
| 245 | |a Annual Report:2009-10 | ||
| 260 | |a Almora |b Vivekananda Parvatiya Krishi Anusandhan Sansthan |c 2010 | ||
| 300 | |a 109P | ||
| 650 | |a Agriculture | ||
| 942 | |2 ddc |c REF | ||
| 999 | |c 24153 |d 24153 | ||
| 952 | |0 0 |1 0 |2 ddc |4 0 |6 ICARVPKAS_AR200910 |7 0 |9 32086 |a KAUCLV |b KAUCLV |c CLOSEDREF |d 2014-03-18 |o ICAR/VPKAS AR/2009-10 |p 806297 |r 2014-03-18 |w 2014-03-18 |y REF | ||